000 00555nam a2200157 4500
999 _c17090
_d17090
008 220602b ||||| |||| 00| 0 eng d
022 _a0732-8435
082 _aDPer 657.05 C33 Sept - Dec 2012, v. 82 n. 9 - 12
100 _aPrimoff, Walter.
_945419
245 _aFiduciary financial management in nonprofit organizations/
_cWalter Primoff.
260 _aNew York:
_bThe New York State Society of CPA,
_c©2012.
300 _av82 n11, page 48-57:
_b illustrations:
_c28 cm.
500 _aThe CPA Journal.
650 _aFinance.
_945420
942 _2ddc
_cPER